<?xml version="1.0" encoding="UTF-8"?>
<record
    xmlns:xsi="http://www.w3.org/2001/XMLSchema-instance"
    xsi:schemaLocation="http://www.loc.gov/MARC21/slim http://www.loc.gov/standards/marcxml/schema/MARC21slim.xsd"
    xmlns="http://www.loc.gov/MARC21/slim">

  <leader>00932nam a22002417a 4500</leader>
  <datafield tag="010" ind1=" " ind2=" ">
    <subfield code="a">B-230631</subfield>
  </datafield>
  <datafield tag="020" ind1=" " ind2=" ">
    <subfield code="a">9788173292033</subfield>
    <subfield code="c">150.00</subfield>
  </datafield>
  <datafield tag="035" ind1=" " ind2=" ">
    <subfield code="a">B-230631</subfield>
  </datafield>
  <datafield tag="037" ind1=" " ind2=" ">
    <subfield code="a">Cen Lib / Ret</subfield>
  </datafield>
  <datafield tag="040" ind1=" " ind2=" ">
    <subfield code="a">DPL</subfield>
    <subfield code="b">PN</subfield>
  </datafield>
  <datafield tag="082" ind1=" " ind2=" ">
    <subfield code="a">616.07</subfield>
    <subfield code="b">&#xA38;&#xA3C;&#xA41;&#xA15;&#xA32;&#xA3E;</subfield>
  </datafield>
  <datafield tag="100" ind1=" " ind2=" ">
    <subfield code="a">&#xA38;&#xA3C;&#xA41;&#xA15;&#xA32;&#xA3E;, &#xA2B;&#xA15;&#xA3C;&#xA40;&#xA30; &#xA1A;&#xA70;&#xA26; </subfield>
    <subfield code="9">7767</subfield>
  </datafield>
  <datafield tag="245" ind1=" " ind2=" ">
    <subfield code="a">&#xA30;&#xA4B;&#xA17;&#xA3E;&#xA02; &#xA24;&#xA4B; &#xA2C;&#xA1A;&#xA4B; /</subfield>
    <subfield code="c">&#xA2B;&#xA15;&#xA3C;&#xA40;&#xA30; &#xA1A;&#xA70;&#xA26; &#xA38;&#xA3C;&#xA41;&#xA15;&#xA32;&#xA3E;</subfield>
  </datafield>
  <datafield tag="246" ind1=" " ind2=" ">
    <subfield code="a">Rogaan to bacho /</subfield>
    <subfield code="b">by Faqir Chand Shukla </subfield>
  </datafield>
  <datafield tag="260" ind1=" " ind2=" ">
    <subfield code="a">&#xA26;&#xA3F;&#xA71;&#xA32;&#xA40; </subfield>
    <subfield code="b">&#xA38;&#xA3F;&#xA32;&#xA3E;&#xA32;&#xA47;&#xA16; </subfield>
    <subfield code="c">2007</subfield>
  </datafield>
  <datafield tag="270" ind1=" " ind2=" ">
    <subfield code="a">&#xA6A;/&#xA69;&#xA68;  &#xA38;&#xA41;&#xA2D;&#xA3E;&#xA38;&#xA3C; &#xA17;&#xA3E;&#xA32;&#xA40; &#xA35;&#xA3F;&#xA38;&#xA3C;&#xA35;&#xA3E;&#xA38; &#xA28;&#xA17;&#xA30; &#xA38;&#xA3C;&#xA39;&#xA3E;&#xA26;&#xA30; </subfield>
    <subfield code="b">&#xA26;&#xA3F;&#xA71;&#xA32;&#xA40; </subfield>
    <subfield code="e">110051</subfield>
  </datafield>
  <datafield tag="300" ind1=" " ind2=" ">
    <subfield code="a">156p ; </subfield>
    <subfield code="b">24cm(Hb)</subfield>
  </datafield>
  <datafield tag="650" ind1=" " ind2=" ">
    <subfield code="a">Diagnosis.</subfield>
    <subfield code="9">35154</subfield>
  </datafield>
  <datafield tag="650" ind1=" " ind2=" ">
    <subfield code="a">&#xA28;&#xA3F;&#xA26;&#xA3E;&#xA28;</subfield>
    <subfield code="9">133601</subfield>
  </datafield>
  <datafield tag="650" ind1=" " ind2=" ">
    <subfield code="a">Therapeutics.</subfield>
    <subfield code="9">133602</subfield>
  </datafield>
  <datafield tag="650" ind1=" " ind2=" ">
    <subfield code="a">&#xA1A;&#xA3F;&#xA15;&#xA3F;&#xA24;&#xA38;&#xA3E;</subfield>
    <subfield code="9">133603</subfield>
  </datafield>
  <datafield tag="942" ind1=" " ind2=" ">
    <subfield code="2">ddc</subfield>
    <subfield code="c">PN</subfield>
    <subfield code="h">616.07</subfield>
    <subfield code="m">&#xA38;&#xA3C;&#xA41;&#xA15;&#xA32;&#xA3E;</subfield>
  </datafield>
  <datafield tag="999" ind1=" " ind2=" ">
    <subfield code="c">111141</subfield>
    <subfield code="d">111141</subfield>
  </datafield>
  <datafield tag="952" ind1=" " ind2=" ">
    <subfield code="0">0</subfield>
    <subfield code="1">0</subfield>
    <subfield code="4">0</subfield>
    <subfield code="7">0</subfield>
    <subfield code="a">L</subfield>
    <subfield code="b">L</subfield>
    <subfield code="d">2016-02-13</subfield>
    <subfield code="e">Cen Lib/Ret</subfield>
    <subfield code="g">150.00</subfield>
    <subfield code="l">2</subfield>
    <subfield code="o">616.07 &#xA38;&#xA3C;&#xA41;&#xA15;&#xA32;&#xA3E;</subfield>
    <subfield code="p">B-230631</subfield>
    <subfield code="r">2020-03-12 00:00:00</subfield>
    <subfield code="s">2020-02-28</subfield>
    <subfield code="t">1</subfield>
    <subfield code="v">150.00</subfield>
    <subfield code="w">2016-02-13</subfield>
    <subfield code="y">PN</subfield>
  </datafield>
</record>
